| 000 | 00635cam a2200217 a 4500 | ||
|---|---|---|---|
| 001 | 13450609 | ||
| 005 | 20180301084200.0 | ||
| 008 | 040106s2005 nyua f 000 0 eng | ||
| 010 | _a 2003028087 | ||
| 020 | _a0321233921 | ||
| 040 |
_aDLC _cDLC _dDLC |
||
| 041 | _aeng | ||
| 080 | _a808.042 HUL | ||
| 082 | 0 | 0 |
_a808.042 HUL _222 |
| 100 | 1 | _a25 | |
| 101 | _aEDU | ||
| 245 | 1 | 4 |
_aThe new century handbook / _cChristine A. Hult, Thomas N. Huckin. |
| 906 |
_a7 _bcbc _corignew _d1 _eecip _f20 _gy-gencatlg |
||
| 942 |
_2ddc _cBK |
||
| 999 |
_c43874 _d43874 |
||